000 00490cam a2200157 4500500
005 20260405001305.0
041 _afre
042 _adc
100 1 0 _aMichaud, Yves
_eauthor
245 0 0 _aAffiches électorales. La figure obligée
260 _c2012.
500 _a71
690 _aPolitique
786 0 _nPhilosophie magazine | 60 | 6 | 2012-06-01 | p. 5-5 | 1951-1787
856 4 1 _uhttps://shs.cairn.info/magazine-philosophie-magazine-2012-6-page-5?lang=fr&redirect-ssocas=7080
999 _c2046020
_d2046020